Kapitolky z dějin scénografie /

Uložené v:
Podrobná bibliografia
Hlavný autor: Zavarský, Ján (Autor)
Médium: Kniha
Jazyk:Czech
Vydavateľské údaje: Brno : Janáčkova akademie múzických umění v Brně, 2011
Vydanie:1. vydanie
Predmet:
Tagy: Pridať tag
Žiadne tagy, Buďte prvý, kto otaguje tento záznam!

MARC

LEADER 00000nam a22000003a 4500
001 0070653
003 SK-STU
005 20190405154201.0
007 ta
008 190114s ----xo-----e------000-0-----d
020 |a 978-80-7460-009-8 
040 |a STU  |b slo 
041 0 |a cze 
044 |a xr 
100 1 |a Zavarský, Ján  |4 aut 
245 1 0 |a Kapitolky z dějin scénografie /  |c aut. Ján Zavarský 
250 |a 1. vydanie 
260 |a Brno :  |b Janáčkova akademie múzických umění v Brně,  |c 2011 
300 |a 292 s. 
650 0 7 |a scénografia 
650 0 7 |a dejiny a teória umenia 
650 0 7 |a divadlo 
650 0 7 |a dejiny divadla 
650 0 7 |a architektúra 
996 |b 284AU07833  |c A* 11092/U  |l AAKNST  |s P  |a 0  |w 0070653_0001